000 00453nam a2200133Ia 4500
008 100122s9999 xx 000 0 und d
082 _b7248
_a613.0424
100 _aकुंटे मोरेश्वर गणेश
245 _aस्त्री रोग विज्ञान
300 _a117
630 _aस्त्री रोग विज्ञान
730 _aस्त्री रोग विज्ञान
942 _cBOOK
999 _c399959
_d399956